نور الہدایہ (Record no. 550560)
[ view plain ]
| 000 -LEADER | |
|---|---|
| fixed length control field | 00438nam a22001457a 4500 |
| 082 ## - DEWEY DECIMAL CLASSIFICATION NUMBER | |
| Classification number | 297.122 |
| Author Mark | QUR |
| -- | L-40, P-09 |
| 100 ## - MAIN ENTRY--PERSONAL NAME | |
| Personal name | Zafar iqbal Chaudhry |
| 9 (RLIN) | 47258 |
| 245 ## - TITLE STATEMENT | |
| Title | نور الہدایہ |
| Statement of responsibility, etc. | Zafar iqbal Chaudhry |
| 260 ## - PUBLICATION, DISTRIBUTION, ETC. | |
| Place of publication, distribution, etc. | Quetta |
| Name of publisher, distributor, etc. | Command and staff college |
| 300 ## - PHYSICAL DESCRIPTION | |
| Extent | v, 463 p. |
| Other physical details | text |
| Dimensions | 24 cm |
| 526 ## - STUDY PROGRAM INFORMATION NOTE | |
| Program name | 0 |
| Interest level | 0 |
| Reading level | 0 |
| Title point value | 297_122000000000000_QUR |
| 526 ## - STUDY PROGRAM INFORMATION NOTE | |
| Program name | 0 |
| Interest level | 0 |
| Reading level | 0 |
| Title point value | 297_122000000000000_QUR |
| 650 ## - SUBJECT ADDED ENTRY--TOPICAL TERM | |
| Topical term or geographic name entry element | MCE |
| 9 (RLIN) | 379 |
| 942 ## - ADDED ENTRY ELEMENTS (KOHA) | |
| Source of classification or shelving scheme | |
| Koha item type | Book |
| Withdrawn status | Lost status | Source of classification or shelving scheme | Damaged status | Not for loan | Permanent Location | Current Location | Date acquired | Total Checkouts | Total Renewals | Full call number | Barcode | Date last seen | Date last checked out | Price effective from | Koha item type |
|---|---|---|---|---|---|---|---|---|---|---|---|---|---|---|---|
| Military College of Engineering (MCE) | Military College of Engineering (MCE) | 11/14/2014 | 3 | 1 | 297.122 QUR | MCE-44174 | 11/18/2015 | 11/18/2015 | 11/14/2014 | Book | |||||
| Military College of Engineering (MCE) | Military College of Engineering (MCE) | 03/06/2017 | 297.122 QUR | MCE-44175 | 03/06/2017 | 03/06/2017 | Book |
